Everyday communalism : (Record no. 173605)

MARC details
000 -LEADER
fixed length control field 00664nam a22001937a 4500
005 - DATE AND TIME OF LATEST TRANSACTION
control field 20200303153945.0
010 ## - LCCN (DPL NO)
LC control number ENG-127955
020 ## - INTERNATIONAL STANDARD BOOK NUMBER
International Standard Book Number 9780199466290
Terms of availability 995.00
035 ## - SYSTEM CONTROL NUMBER
System control number EN-111487
037 ## - SOURCE OF ACQUISITION
Source of stock number/acquisition DBAD/PUB
082 ## - DEWEY DECIMAL CLASSIFICATION NUMBER
Classification number 305.80095413
245 ## - TITLE STATEMENT
Title Everyday communalism :
Remainder of title riots in contemporary Uttar Pradesh/
Statement of responsibility, etc Pai, Sudha [and] Sajjan Kumar
260 ## - PUBLICATION, DISTRIBUTION, ETC. (IMPRINT)
Place of publication, distribution, etc New Delhi
Name of publisher, distributor, etc oxford University Press
Date of publication, distribution, etc 2019
270 ## - ADDRESS
Address 2/11 Ground floor, Ansari Road,Daryaganj
City New Delhi
Postal code 500029
300 ## - PHYSICAL DESCRIPTION
Extent xi;348p.
Dimensions 22cm(hb)
500 ## - GENERAL NOTE
General note include bibliographical references and index
700 ## - ADDED ENTRY--PERSONAL NAME
Personal name Sajjan Kumar
942 ## - ADDED ENTRY ELEMENTS (KOHA)
Source of classification or shelving scheme Dewey Decimal Classification
Item type English Books
Classification part 305.80095413
Call number suffix PAI
Holdings
Withdrawn status Lost status Not for loan Collection code Home library Current library Date acquired Source of acquisition Cost, normal purchase price Full call number Barcode Copy number Cost, replacement price Koha item type
    Not For Loan Non-fiction D.B.Act.Division D.B.Act.Division 03/03/2020 DBAD/PUB 995.00 305.80095413 PAI EN-111487 1 995.00 English Books

© Delhi Public Library
Hit Counter
free hit counter